000 00994nam0a22003011 4500
001 rc\3736113
005 20130115154216.8
021 _aRU
_b[69-64642]
035 _a(NLR Aleph) 007868415
090 _a7841686
_c7841686
100 _a20130115d1969 |||y0rusy50 ca
101 0 _arus
102 _aRU
105 _ac z |||||
200 1 _aС.В. Рахманинов
205 _a2-е изд., доп.
210 _aМосква
_cМузыка
_d1969
215 _a174 с., 1 л. портр.
_d17
320 _aБиблиогр.: с. 172-174
532 1 0 _aСергей Васильевич Рахманинов
606 _aРусская музыка
_z19-20 вв.
_2psbo
700 1 _aСоловцов
_bА. А.
_f1898-1965
_gАнатолий Александрович
702 1 _aРахманинов
_bС. В.
_f1873-1943
_gСергей Васильевич
_4570
801 0 _aRU
_bNLR
_gpsbo
801 1 _aRU
_bELAR
_2rusmarc
852 _aNLR
_j69-2/2381
942 _cBOOK
980 _aNB